| 000 | 00444nam a2200169 i 4500 | ||
|---|---|---|---|
| 001 | 49455 | ||
| 003 | ES-MaACL | ||
| 005 | 20230906161951.0 | ||
| 007 | t| | ||
| 008 | 030716s1963 sp ||||1| spa d | ||
| 100 | 1 |
_aCosmo, María. _941000 |
|
| 245 | 1 | 0 |
_aPaz _b: poema / _cpor María Cosmo. |
| 260 |
_aBarcelona : _b[s.n.], _c1963. |
||
| 300 |
_a44 p. ; _c23 cm. |
||
| 500 | _aRetrato de la autora. | ||
| 852 |
_aES-MaACL _j2036-F-10 _bR.53068 |
||
| 999 |
_c49455 _d49455 |
||